000 00967cam a22003255i 4500
001 111593
005 20230410103914.0
008 130521s2013 fr 000 0 fre
035 _a17788468
020 _a9782701164670
035 _a(FrPJT)JTL00327051
040 _aDLC
_beng
_cDLC
_erda
041 _afre
042 _apcc
050 1 4 _a432 DS 98.6
_bB429s 2013
100 1 _aBelhadj, Souhail.
245 1 3 _aLa Syrie de Bashar al-Asad :
_banatomie d'un regime autoritaire /
_cSouhail Belhadj.
264 _aParis :
_bBelin,
_cc2013.
300 _a464 p. ;
_c22 cm
600 1 0 _aAssad, Bashar,
_d1965-
650 0 _aPolitical leadership
_zSyria.
651 0 _aSyria
_xPolitics and government
_y2000-
651 0 _aSyria
_xHistory
_yProtests, 2011-
650 0 _aGovernment, Resistance to
_zSyria.
651 4 _aSiria
_xPolĂ­tica y gobierno
_y2000-
923 _d20130611
_nB10005693
_sFrPJT
942 _2lcc
_cbk
985 _eVENDOR LOAD
946 _almd
999 _c28168
_d28168